Movies Quiz

Random Movies or World Quiz

Disney Movie Locations (1937-1967) Quiz Stats

 Plays Quiz not verified by Sporcle

Challenge
Share
Tweet
Embed
Score 0/19 Timer 08:00
0 Plays Today
% Correct
Alice in Wonderland
87.4%
Peter Pan
86.3%
The Jungle Book
84.5%
Bambi
83%
Fantasia
81.6%
Lady and the Tramp
80.5%
Pinocchio
79.1%
The Adventures of Ichabod and Mr. Toad
74.7%
Dumbo
73.3%
The Sword in the Stone
69%
% Correct
Snow White and the Seven Dwarfs
68.6%
Saludos Amigos
62.8%
One Hundred and One Dalmations
62.8%
Fun and Fancy Free
61%
The Three Caballeros
59.9%
Cinderella
58.1%
Sleeping Beauty
56.7%
Make Mine Music
45.1%
Melody Time
40.1%

You're not logged in!

Compare scores with friends on all Sporcle quizzes.
Join for Free
OR
Log In

You Might Also Like...

Show Comments

Extras

Top Quizzes Today


Score Distribution

Your Account Isn't Verified!

In order to create a playlist on Sporcle, you need to verify the email address you used during registration. Go to your Sporcle Settings to finish the process.

Report this User

Report this user for behavior that violates our Community Guidelines.

Details: